[Event "19th Prague Open-A 2020"]
[Site "Prague"]
[Date "2020.01.16"]
[Round "8.3"]
[White "Peng, Hongchi"]
[Black "Low, Zhen Yu Cyrus"]
[Result "0-1"]
[WhiteElo "2362"]
[BlackElo "2415"]
[Annotator "TA"]
[PlyCount "112"]
[EventDate "2020.01.10"]
[EventType "swiss"]
[EventCountry "CZE"]
[SourceTitle "playchess.com"]
[Source "ChessBase"]
[SourceQuality "1"]

{[%evp 9,112,0,28,-68,-56,-56,-79,-69,-54,-47,-43,-37,-49,-64,-68,-85,-63,-81,-76,-69,-70,-77,-51,-111,-90,-94,-87,-106,-86,-93,-72,-60,-79,-83,-86,-120,-120,-142,-137,-161,-74,-133,-131,-132,-124,-147,-157,-312,-304,-423,-419,-391,-418,-457,-451,-448,-438,-411,-238,-226,-239,-229,-226,-226,-203,-227,-218,-289,-284,-274,-281,-265,-268,-270,-267,-278,-249,-250,-250,-249,-242,-246,-241,-260,-215,-440,-396,-529,-529,-492,-455,-675,-560,-669,-606,-5393,-5181,-1584,-1506,-29978,-29979,-29979,-29980,-29974,-29975]} 1. e4 c6 2. d4 d5 3. e5 c5 4. dxc5 e6 5. a3 Nc6 (5... Bxc5 6. Qg4 Ne7 7. Bd3 O-O 8. Nf3 f5 9. exf6 Rxf6 10. Qh4 h6 11. O-O Nbc6 12. c4 Qf8 {1-0 (32) Karjakin,S (2754)-Wei,Y (2725) Jerusalem 2019}) 6. b4 {B12: Caro-Kann: Advance Variation} (6. Nf3 $11) 6... a5 $15 7. b5 {[%cal Bb4b5,Bb5c6][%mdl 32]} Nxe5 8. Bb2 {Black is better.} Nd7 9. c6 bxc6 10. bxc6 Ndf6 $146 ({Predecessor:} 10... Nb8 11. Bb5 Qb6 12. a4 Nxc6 {½-½ (33) Tadic,S (2267)-Popovic,M (2326) Belgrade 2019}) 11. Bb5 {Strongly threatening c7+.} Qb6 12. Qe2 Bc5 13. a4 Ne7 14. Nf3 Nxc6 15. O-O O-O 16. Bxf6 (16. Nbd2 $15) 16... gxf6 $17 17. c4 dxc4 18. Nbd2 Bb7 19. Rac1 Ne7 20. Nxc4 Qc7 21. Ne3 Rac8 22. Rc4 Ng6 23. Ng4 Qe7 24. Qb2 {[#]} e5 (24... Kg7 $1 $19 {and Black stays clearly on top.} 25. Rd1 Rfd8 26. Rxd8 Rxd8) 25. Rd1 (25. Nh4 $142) 25... Rfd8 26. Rxd8+ Rxd8 27. Qc2 Bb6 28. Bc6 $2 {[#]} (28. Rc3 $17) 28... Bc8 $1 $19 {[%cal Rc8g4] Hoping for ...Bxg4.} 29. Nh6+ Kg7 30. Be4 Qd6 {( -> ...Qd1+)} 31. h3 Qd1+ ({Less strong is} 31... Kxh6 32. Rxc8 Rxc8 33. Qxc8 $17) 32. Qxd1 Rxd1+ 33. Kh2 Bd7 (33... Kxh6 $2 34. Rxc8 Ra1 35. Rc4 $19) (33... Ne7 $142 34. Ng4 Be6) 34. Nf5+ Bxf5 35. Bxf5 Bxf2 36. g3 Ne7 37. Bc2 Rc1 {aiming for ...e4!} 38. Kg2 Be3 39. Bd3 Rxc4 40. Bxc4 {[%mdl 4096] Endgame KBN-KBN} e4 41. Ne1 f5 42. Nc2 Bc5 43. Na1 Kf6 44. Nb3 Bb6 45. Nd2 Nc6 46. g4 Be3 47. Nf1 $2 (47. Nb3) 47... Bf4 48. gxf5 {White hopes to continue with Bd5.} Ne5 49. Bd5 Kxf5 50. h4 (50. Kf2 $142 Nd3+ 51. Ke2) 50... f6 51. Bg8 Kg6 52. Ng3 Bxg3 53. Kxg3 e3 54. Bb3 e2 {Black mates.} 55. Bc2+ Kh5 56. Kf2 {[#]} Nf3 $1 {[%mdl 512] Accuracy: White = 44%, Black = 85%.} 0-1

[Event "19th Prague Open-A 2020"]
[Site "Prague"]
[Date "2020.01.16"]
[Round "8.4"]
[White "Wang, Yukun"]
[Black "Stankovic, Milos"]
[Result "0-1"]
[WhiteElo "1990"]
[BlackElo "2466"]
[Annotator "TA"]
[PlyCount "104"]
[EventDate "2020.01.10"]
[EventType "swiss"]
[EventCountry "CZE"]
[SourceTitle "playchess.com"]
[Source "ChessBase"]
[SourceQuality "1"]

{[%evp 15,104,0,-13,0,0,0,0,0,0,0,0,0,0,0,-2,-18,-10,-35,0,0,0,0,0,0,0,0,0,0,0,0,0,0,0,0,0,0,0,-5,0,0,0,-15,0,0,0,-29,-43,-96,-64,-174,-173,-157,-162,-157,-128,-190,-190,-189,-185,-247,-247,-246,-245,-243,-241,-241,-240,-240,-222,-212,-165,-149,-134,-172,-129,-142,-144,-199,-197,-172,0,-301,-301,-281,-277,-268,-268,-5703,-5703,-5703,-1536]} 1. e4 c6 2. d4 d5 3. exd5 cxd5 4. Bd3 Nc6 5. c3 g6 6. h3 Nf6 7. Nf3 Bf5 8. Bxf5 gxf5 9. Bf4 {B13: Caro-Kann: Exchange Variation and Panov-Botvinnik Attack} e6 10. Qb3 (10. Ne5 Rg8 11. O-O Bd6 12. Nd2 Qc7 13. Re1 O-O-O 14. Rc1 Bxe5 15. Rxe5 Qd7 16. Re1 Rg6 {0-1 (46) Malakhov,V (2686)-Esipenko,A (2564) Riadh 2017}) 10... Qd7 11. Ne5 {The position is equal.} Nxe5 12. Bxe5 Be7 13. g4 {g5 is the strong threat.} Rg8 14. f3 Qc6 $146 ({Predecessor:} 14... h5 15. gxf5 Rg2 16. Na3 Rc8 {½-½ (53) Rabl,J (2220)-Messner,H Wuerttemberg 1996}) 15. Na3 {[%cal Bb1a3,Ba3b5,Bb5d4][%mdl 32]} Nd7 16. Nb5 {Black must now prevent Nc7+.} Nxe5 17. dxe5 a6 18. Nd4 {[%mdl 64] [#] Double Attack} Bh4+ 19. Kd2 Qc7 20. f4 O-O-O 21. Rag1 Bf2 22. Rg2 Bxd4 $1 23. cxd4 {Hoping for Rc1.} Kb8 24. Rc1 Qa5+ 25. Kd1 fxg4 26. hxg4 Rc8 27. Rxc8+ Rxc8 28. Rc2 Rxc2 (28... Rg8 {seems wilder.} 29. g5 h6 30. Rc6 Ka7 31. Rd6 hxg5 32. Rd7 Qb6) 29. Kxc2 $11 {[%mdl 4096] Endgame KQ-KQ} Qe1 30. Qf3 Qg1 31. Qd1 (31. Qa3 $15) 31... Qg3 32. f5 ({Better is} 32. g5 $15) 32... exf5 $19 33. gxf5 Qf2+ {[%mdl 64] Double Attack} 34. Kc3 Qxf5 35. Qh1 (35. b3 $17 {was worth a try.}) 35... Qc8+ 36. Kd2 Qc4 $1 {[%csl LRa2,LRd4][%mdl 64] Double Attack} 37. Qxh7 (37. Qg1 $142) 37... Qxd4+ {[%mdl 64] Double Attack} 38. Kc2 Qf2+ (38... Qxe5 39. Qg8+ Ka7 40. Qxf7 $17) 39. Kc3 Qe3+ 40. Kc2 Qe2+ ({Don't take} 40... Qxe5 41. Qg8+ Ka7 42. Qxf7 $17) 41. Kc1 Qc4+ ({Much less strong is} 41... Qxe5 42. Qg8+ Ka7 43. Qxf7 $17) 42. Kb1 Qg4 {[%cal Rg4d1]} 43. Qh8+ Kc7 {[%cal Rg4d1]} 44. a3 Qe4+ 45. Kc1 d4 {Threatens to win with ...d3.} 46. Qh5 (46. Qf8 $17) 46... Qe1+ 47. Kc2 Qe4+ (47... Qf1 $142 48. Qg5 Kc6) 48. Kc1 $1 Qe3+ 49. Kd1 Qd3+ 50. Kc1 Qc4+ 51. Kd1 $2 (51. Kd2) 51... d3 52. Qh2 {[#]} Qc2+ $1 {[%mdl 512] Accuracy: White = 55%, Black = 88%.} 0-1

[Event "19th Prague Open-A 2020"]
[Site "Prague"]
[Date "2020.01.16"]
[Round "8.5"]
[White "Cernousek, Lukas"]
[Black "Nasshan, Dennis"]
[Result "1/2-1/2"]
[WhiteElo "2447"]
[BlackElo "2307"]
[Annotator "RC"]
[PlyCount "102"]
[EventDate "2020.01.10"]
[EventType "swiss"]
[EventCountry "CZE"]
[SourceTitle "playchess.com"]
[Source "ChessBase"]
[SourceQuality "1"]
[TimeControl "40/5400+30:1800+30"]

1. c4 {[%emt 0:00:00]} e6 {[%emt 0:00:00]} 2. Nf3 {[%emt 0:00:03]} Nf6 {[%emt 0:00:00]} 3. g3 {[%emt 0:00:39]} d5 {[%emt 0:00:00]} 4. d4 {[%emt 0:00:32]} dxc4 {[%emt 0:02:37]} 5. Bg2 {[%emt 0:00:05]} a6 {[%emt 0:00:55]} 6. O-O {[%emt 0:00:35]} Nc6 {[%emt 0:01:26]} 7. Bg5 {[%emt 0:02:24]} Be7 {[%emt 0:02:33]} 8. e3 {[%emt 0:00:06]} O-O {[%emt 0:02:29]} 9. Nfd2 {[%emt 0:26:00]} Na5 {[%emt 0:15:26]} 10. Qc2 {[%emt 0:06:11]} c5 {[%emt 0:02:57]} 11. dxc5 {[%emt 0:03:10]} Qc7 {[%emt 0:00:39]} 12. b4 {[%emt 0:11:09]} cxb3 {[%emt 0:02:48]} 13. axb3 {[%emt 0:00:06]} Nc6 {[%emt 0:00:25]} 14. Ne4 {[%emt 0:08:25]} Nb4 {[%emt 0:05:43]} 15. Qc4 {[%emt 0:01:33]} Nbd5 {[%emt 0:01:09]} 16. Nbc3 {[%emt 0:08:56]} h6 {[%emt 0:15:39]} 17. Bxf6 {[%emt 0:10:58]} Nxf6 {[%emt 0:00:55]} 18. Rfd1 {[%emt 0:00:02]} Nxe4 {[%emt 0:03:55]} 19. Nxe4 {[%emt 0:00:06]} Bd7 {[%emt 0:02:29]} 20. Nd6 {[%emt 0:00:03]} Bc6 {[%emt 0:01:08]} 21. e4 {[%emt 0:01:30]} Rfd8 {[%emt 0:12:45]} 22. e5 {[%emt 0:02:21]} Bxg2 {[%emt 0:01:03]} 23. Kxg2 {[%emt 0:00:01]} b6 {[%emt 0:02:55]} 24. c6 {[%emt 0:11:21]} Bxd6 {[%emt 0:03:30]} 25. exd6 {[%emt 0:00:04]} Rxd6 {[%emt 0:00:21]} 26. Rxd6 {[%emt 0:00:10]} Qxd6 {[%emt 0:00:04]} 27. c7 {[%emt 0:00:12]} Rc8 {[%emt 0:00:34]} 28. Rc1 {[%emt 0:01:23]} Qd5+ {[%emt 0:03:31]} 29. Qxd5 {[%emt 0:02:25]} exd5 {[%emt 0:00:01]} 30. Rc6 {[%emt 0:00:17]} Kf8 {[%emt 0:01:35]} 31. Kf3 {[%emt 0:00:15]} Ke7 {[%emt 0:00:13]} 32. Kf4 {[%emt 0:03:36]} Kd7 {[%emt 0:06:24]} 33. Rxb6 {[%emt 0:00:01]} Rxc7 {[%emt 0:00:09]} 34. Rxa6 {[%emt 0:00:02]} Rb7 {[%emt 0:00:46]} 35. Ke5 {[%emt 0:01:15]} Rxb3 {[%emt 0:00:57]} 36. Ra7+ {[%emt 0:00:11]} Ke8 {[%emt 0:00:31]} 37. Ra8+ {[%emt 0:00:06]} Ke7 {[%emt 0:00:17]} 38. Ra7+ {[%emt 0:00:06]} Ke8 {[%emt 0:00:01]} 39. f4 {[%emt 0:02:04]} Re3+ {[%emt 0:04:00]} 40. Kxd5 {[%emt 0:00:56]} Kf8 {[%emt 0:00:52]} 41. f5 {[%emt 0:02:27]} f6 {[%emt 0:02:34]} 42. Kd6 {[%emt 0:01:17]} Re5 {[%emt 0:06:11]} 43. g4 {[%emt 0:01:12]} Re4 {[%emt 0:00:25]} 44. h3 {[%emt 0:00:49]} Re3 {[%emt 0:01:11]} 45. h4 {[%emt 0:06:04]} Re4 {[%emt 0:00:17]} 46. Ra8+ {[%emt 0:00:26]} Kf7 {[%emt 0:00:17]} 47. Ra7+ {[%emt 0:00:03]} Kg8 {[%emt 0:01:09]} 48. g5 {[%emt 0:00:37]} hxg5 {[%emt 0:00:11]} 49. hxg5 {[%emt 0:00:04]} fxg5 {[%emt 0:00:05]} 50. Kd5 {[%emt 0:00:03]} Re1 {[%emt 0:00:51]} 51. Ra6 {[%emt 0:00:52]} Kf7 {[%emt 0:00:11] Ke4} 1/2-1/2

[Event "19th Prague Open-A 2020"]
[Site "Prague"]
[Date "2020.01.16"]
[Round "8.6"]
[White "Chyzy, Jakub"]
[Black "Laxman, R.R."]
[Result "0-1"]
[WhiteElo "2291"]
[BlackElo "2441"]
[Annotator "TA"]
[PlyCount "106"]
[EventDate "2020.01.10"]
[EventType "swiss"]
[EventCountry "CZE"]
[SourceTitle "playchess.com"]
[Source "ChessBase"]
[SourceQuality "1"]

{[%evp 29,106,0,8,0,0,0,0,-45,0,-10,-13,-33,0,0,15,0,0,-14,0,-55,-43,-160,-171,-175,-164,-215,-213,-194,-189,-209,-202,-179,-195,-225,-197,-209,-195,-308,-326,-328,-271,-678,-686,-735,-731,-715,-706,-781,-415,-410,-403,-403,-408,-406,-366,-436,-435,-496,-494,-502,-510,-502,-502,-466,-425,-402,-386,-442,-445,-762,-528,-926,-628,-916,-632,-904,-899,-935,-918]} 1. e4 e5 2. Nf3 Nc6 3. Bb5 a6 4. Ba4 Nf6 5. O-O Be7 6. Re1 b5 7. Bb3 O-O 8. d4 d6 9. c3 Bg4 10. d5 Na5 11. Bc2 Qc8 12. h3 Bd7 13. Nbd2 c6 14. dxc6 Qxc6 15. Nf1 Nc4 16. Ng3 {C91: Closed Ruy Lopez: 7...d6 8 c3 0-0 9 d4} Rfe8 17. Nh4 (17. b3 Nb6 18. Be3 Rab8 19. Rc1 Qxc3 20. Bd3 Qa5 21. Bd2 Qa3 22. Rc2 Rec8 23. Bc1 Qa5 {½-½ (60) Gashimov,V (2740)-Svidler,P (2750) Nice 2010}) 17... g6 18. Qf3 $146 {The position is equal.} ({Predecessor:} 18. Nf3 Bf8 19. Nd2 Nb6 20. Bb3 a5 21. a3 b4 22. cxb4 axb4 23. Qf3 Bg7 {0-1 (68) Ngnegevo,F (2016)-Zavgorodniaya,A (1894) St Petersburg 2013}) 18... Kg7 19. b3 Nb6 {...Ng8 is the strong threat.} 20. Qe3 Ng8 21. Nf3 Rac8 22. Bd2 f6 23. Rac1 Be6 24. Nh2 (24. h4 $11) 24... d5 $15 25. Ng4 {[#]} (25. Bb1 $15) 25... Ba3 $1 $17 26. Rcd1 {[#]} d4 $1 {[%cal Rd4e3][%mdl 512]} 27. cxd4 (27. Qf3 {was necessary.}) 27... Bxg4 ({But not} 27... Qxc2 28. dxe5 Bxg4 29. hxg4) 28. hxg4 {[#]} exd4 $1 29. Qxd4 Red8 30. Qe3 Qxc2 31. g5 Bc5 32. gxf6+ Nxf6 33. Qh6+ (33. Qg5 {is a better defense.}) 33... Kg8 $19 {Hoping for ...Bxf2+!} 34. Qg5 Rf8 35. Nf5 $2 {[#]} (35. Be3 Nbd7 36. f3) 35... Bxf2+ $1 {[%mdl 576] Double Attack} 36. Kh1 {and the idea Ne7+ leaves White hopeful.} (36. Kxf2 Nxe4+) 36... Bxe1 37. Rxe1 Kh8 38. Ne7 Qc5 39. Nxc8 Qxg5 ({Don't take} 39... Qxc8 40. Bb4 $19) 40. Bxg5 Nxc8 41. e5 Nd5 42. e6 Kg7 43. Rc1 Nce7 44. Bxe7 Nxe7 {[%mdl 4096] Endgame KRN-KR} 45. Rc7 Kf6 46. Ra7 Kxe6 47. Rxa6+ Kd5 48. Ra7 Kd6 {Black is clearly winning.} 49. a4 (49. Kh2 $142) 49... b4 50. Rb7 Nc6 51. Rxh7 Rf1+ 52. Kh2 Rb1 53. Rh6 Ne5 {Accuracy: White = 31%, Black = 75%.} 0-1

[Event "19th Prague Open-A 2020"]
[Site "Prague"]
[Date "2020.01.16"]
[Round "8.7"]
[White "Czerw, Dawid"]
[Black "Neuman, Petr"]
[Result "1/2-1/2"]
[WhiteElo "2262"]
[BlackElo "2371"]
[Annotator "TA"]
[PlyCount "22"]
[EventDate "2020.01.10"]
[EventType "swiss"]
[EventCountry "CZE"]
[SourceTitle "playchess.com"]
[Source "ChessBase"]
[SourceQuality "1"]

{[%evp 9,22,21,42,7,7,-6,4,1,10,14,15,12,11,-10,7]} 1. d4 d5 2. c4 c6 3. Nf3 Nf6 4. e3 Bf5 5. Nc3 a6 6. Nh4 {D15: Slav Defence: 4 Nc3 a6 and gambit lines after 4 Nc3 dxc4} (6. Bd2 e6 7. Nh4 Be4 8. f3 Bg6 9. Nxg6 hxg6 10. Qb3 b5 11. cxd5 cxd5 12. Rc1 Bd6 13. a4 b4 {½-½ (47) Ding,L (2811)-Shankland,S (2705) chess.com INT 2019}) 6... Bg4 {The position is equal.} 7. f3 Bc8 {[#] And now ...g5 would win.} 8. g3 dxc4 $146 ({Predecessor:} 8... e6 9. Ng2 Be7 10. Be2 Nbd7 11. e4 dxe4 12. fxe4 Bb4 13. Bf3 e5 {1-0 (78) Cylwik,Z (1979)-Przybyl,J (1916) Bialystok 2010}) 9. Bxc4 e6 10. e4 c5 11. Be3 cxd4 1/2-1/2

[Event "19th Prague Open-A 2020"]
[Site "Prague"]
[Date "2020.01.16"]
[Round "8.8"]
[White "Kvaloy, Aksel Bu"]
[Black "Vokac, Marek"]
[Result "0-1"]
[WhiteElo "2132"]
[BlackElo "2334"]
[Annotator "TA"]
[PlyCount "96"]
[EventDate "2020.01.10"]
[EventType "swiss"]
[EventCountry "CZE"]
[SourceTitle "playchess.com"]
[Source "ChessBase"]
[SourceQuality "1"]

{[%evp 19,96,22,56,39,63,64,60,57,64,51,65,80,131,114,231,225,191,204,219,118,116,107,112,50,30,-14,0,-17,-15,-90,-65,-90,-41,-238,-118,-252,-56,-104,-98,-143,-87,-317,-277,-318,-250,-807,-770,-1491,-1379,-3162,-3146,-2905,-2355,-1372,-914,-782,-719,-739,-729,-5810,-5912,-5912,-5912,-5867,-5864,-5756,-5481,-1966,-1918,-1252,-625,-2029,-1777,-12839,-12839,-12835,-5314,-29993,-29994]} 1. e4 Nf6 2. e5 Ng8 3. d4 d6 4. exd6 cxd6 5. c4 g6 6. Nc3 Bg7 7. g3 Nf6 8. Bg2 O-O 9. Nge2 Nc6 10. O-O Bd7 11. b3 {E61: King's Indian: Early deviations for White, including Smyslov System} Qc8 (11... a6 12. Bb2 Rb8 13. d5 Na5 14. Qd2 b5 15. cxb5 axb5 16. Ne4 Nxe4 17. Bxe4 Bxb2 18. Qxb2 b4 {½-½ (30) Ofitserian,B (2409)-Gharagyozyan,A (2298) Sochi 2019}) 12. d5 Ne5 13. Be3 {White is slightly better.} Bh3 14. Rc1 $146 ({Predecessor:} 14. f3 a6 15. Qd2 Qd7 16. Bxh3 Qxh3 17. Rae1 Rab8 18. a4 {½-½ (65) Marko,M (2131)-Mego,P (2109) Slovakia 2003}) 14... Bxg2 15. Kxg2 h5 (15... Nfg4 $142) 16. h3 $16 h4 ({Don't go for} 16... Qf5 $2 17. f4 $18) (16... a6 $16) 17. f4 $18 ({Much less strong is} 17. gxh4 Ned7) 17... Ned7 18. g4 Nc5 19. b4 (19. f5 $18) 19... Na6 $16 {[#]} 20. Qb3 $1 e6 21. g5 (21. f5 $16) 21... Nh5 $14 22. Ne4 exd5 23. cxd5 Qd7 {And now ...Rfe8 would win.} 24. N2c3 (24. b5 $11 Nc7 25. Qd3) 24... Rfe8 $17 25. Rce1 Re7 {White must now prevent ...Rae8.} 26. b5 $2 (26. Bd2 $15) 26... Nc7 (26... Bxc3 $1 $19 {is more deadly.} 27. Nxc3 Rae8) 27. Qb4 (27. Bd2 $17) 27... Ne8 $2 (27... Qf5 $19 28. Rf3 (28. Qxd6 $2 Rae8 $19) 28... Bxc3 29. Nxc3 Nxd5 30. Nxd5 Qxd5) 28. Bd2 Rc8 29. Rf2 a5 ({Black should play} 29... Bxc3 30. Nxc3 Rxe1 31. Bxe1 Neg7) 30. Qxa5 $2 (30. bxa6 $17 bxa6 31. Rf3) 30... Rc4 $19 {aiming for ...Bxc3.} 31. Rfe2 Rd4 {Threatens to win with ...Rxd2!} 32. Qa7 $2 {[#]} (32. Nf2 Rxe2 33. Nxe2 Rxd5 34. a4) 32... Rxd2 $1 {[%mdl 576] Remove Defender} 33. Rxd2 Nxf4+ {[%mdl 64] Double Attack} 34. Kg1 Bxc3 {[%mdl 64] Pin} 35. Qe3 Nxh3+ 36. Kh2 Be5+ 37. Kh1 Nf4 38. Rg1 Nh5 {Hoping for ...Bf4.} 39. Rf2 Ng3+ 40. Nxg3 Bxg3 41. Rxg3 hxg3 42. Qxg3 Qxb5 43. Qf3 Qb1+ 44. Kh2 Qe4 45. Qh3 Qe5+ 46. Kg1 Qxg5+ 47. Kf1 Qxd5 48. Rh2 Qd1+ {Accuracy: White = 28%, Black = 55%.} 0-1

[Event "19th Prague Open-A 2020"]
[Site "Prague"]
[Date "2020.01.16"]
[Round "8.9"]
[White "Liu, Zhaoqi"]
[Black "Ludvik, Tomas"]
[Result "1/2-1/2"]
[WhiteElo "2328"]
[BlackElo "2272"]
[Annotator "TA"]
[PlyCount "95"]
[EventDate "2020.01.10"]
[EventType "swiss"]
[EventCountry "CZE"]
[SourceTitle "playchess.com"]
[Source "ChessBase"]
[SourceQuality "1"]

{[%evp 14,95,47,30,47,29,41,3,0,0,13,7,15,9,133,135,123,66,94,78,87,100,96,25,35,14,93,92,105,122,137,63,68,-9,8,9,51,15,131,131,205,87,91,83,82,81,87,72,98,0,68,0,0,-46,0,-56,-26,-78,-77,-36,0,0,0,-225,-101,-66,-79,-79,-33,-56,0,0,0,0,0,0,0,0,0,0,0,0,0,0]} 1. Nf3 Nf6 2. g3 d5 3. Bg2 c5 4. O-O Nc6 5. d4 cxd4 6. Nxd4 e5 7. Nxc6 bxc6 {[#]} 8. c4 $1 {[%mdl 512]} Rb8 {D02: 1 d4 d5 2 Nf3 sidelines, including 2...Nf6 3 g3 and 2...Nf6 3 Bf4} (8... dxc4 9. Bxc6+) (8... Be6 9. Qa4 Qd7 10. Nc3 Rc8 11. Bg5 d4 12. Rad1 Be7 13. Bxf6 Bxf6 14. c5 O-O 15. e3 Bf5 16. exd4 exd4 {1-0 (46) Duda,J (2738)-Tregubov,P (2592) chess.com INT 2019}) 9. Nc3 {[%cal Rc4d5]} d4 $1 {[%cal Rd4c3]} 10. Ne4 Nxe4 11. Bxe4 Qd7 12. e3 {Threatening Qf3.} f5 13. Bg2 {White wants to play exd4.} Be7 $146 (13... Bc5 $1 $11) ({Predecessor:} 13... Bc5 14. Qa4 e4 15. Qa5 Qe7 16. exd4 Bxd4 {½-½ (49) Bennborn,J (2431)-Spasov,S (2256) ICCF email 2010}) 14. exd4 $1 $16 exd4 15. Qh5+ (15. Re1 $16 O-O 16. Qa4) 15... g6 $14 16. Qe2 O-O 17. Bh6 Rf7 18. Bf4 (18. Rad1 $16) 18... Rb6 19. Rfd1 Bb7 {[#]} (19... Ba6 $11 {keeps the balance.}) 20. c5 $1 $16 {[%cal Rc5b6][%mdl 512]} Ba6 (20... Bxc5 21. Qc4) 21. Qc2 $36 {[%mdl 2048] Keeping Black busy.} Rb4 22. a3 ({White should play} 22. Qd2 $1 $16 {[%cal Rd2b4]} Rb7 23. Qxd4 Qxd4 24. Rxd4) 22... Rc4 $14 23. Qe2 (23. Qd3 $14 Bb5 24. Qb3 Rxc5 25. Rdc1) 23... Bb5 24. Qd2 Bxc5 (24... d3 $5) 25. b4 Be7 (25... Bf8 $1 $11) 26. Bf1 $16 Bf6 {[#]} (26... d3 $16) 27. Bxc4 (27. a4 $1 $18 {[%cal Ra4b5]} Ba6 28. Bd3) 27... Bxc4 28. Rac1 Bd5 29. Re1 Be4 30. h4 Qd5 31. Kh2 ({White should try} 31. Bh6 $16 Be7 32. Kh2) 31... Qb3 (31... h5 $11) 32. a4 (32. Bh6 $1 $14) 32... Qf3 $11 {[%csl Ge4][%cal Rf3g2]} 33. Rg1 (33. Rxe4 $5 fxe4 34. Rxc6 $11) 33... Rb7 {[%mdl 1024] Black has compensation.} 34. Rcf1 (34. b5 $11) 34... Qb3 35. Bd6 {[#]} (35. Bg5 $11 {remains equal.} Bg7 36. Qe2) 35... Rd7 $1 $17 {[%cal Rd7d6]} ({But not} 35... Qxa4 36. Bc5 $11) 36. Bc5 a6 37. Qf4 Qf3 38. Bd6 $2 (38. Qb8+ $1 $11 Rd8 39. Qc7) 38... g5 (38... d3 $19 {and Black stays clearly on top.} 39. Be5 Qxf4 40. gxf4 Bxe5 41. fxe5 d2) 39. hxg5 Rxd6 $1 40. gxf6 Rxf6 {aiming for ...d3.} 41. Qg5+ Rg6 ({Better is} 41... Kf7 $15 42. Qh4 Rg6) 42. Qd8+ $11 {The position is equal.} Kf7 {Threatens to win with ...Rh6+.} 43. Qd7+ Kg8 {[%cal Rg6h6]} 44. Qe8+ Kg7 {[%cal Rf3h5]} 45. Qe7+ Kg8 {Strongly threatening ...Rh6+.} 46. Qd8+ Kf7 47. Qd7+ Kg8 {[%cal Rg6h6]} 48. Qe8+ {Accuracy: White = 46%, Black = 35%.} 1/2-1/2

[Event "19th Prague Open-A 2020"]
[Site "Prague"]
[Date "2020.01.16"]
[Round "8.10"]
[White "Quesada Vera, Liordis"]
[Black "Pavlidou, Ekaterini"]
[Result "1-0"]
[WhiteElo "2386"]
[BlackElo "2160"]
[Annotator "TA"]
[PlyCount "77"]
[EventDate "2020.01.10"]
[EventType "swiss"]
[EventCountry "CZE"]
[SourceTitle "playchess.com"]
[Source "ChessBase"]
[SourceQuality "1"]

{[%evp 9,77,16,29,39,36,21,56,54,55,24,24,25,22,18,39,8,50,52,80,77,53,39,51,40,65,57,60,52,53,64,81,98,96,68,75,75,94,86,103,90,132,71,188,188,202,185,201,186,186,108,531,524,541,352,1076,1074,1005,484,1011,867,824,805,5414,5406,2867,2987,29994,29995,29995,29996]} 1. c4 c5 2. Nf3 Nc6 3. Nc3 e5 4. e3 f5 (4... Nf6 5. d4 e4 6. d5 exf3 7. dxc6 bxc6 8. e4 Qc7 9. Qxf3 Bd6 10. Bd3 Be5 11. h3 O-O 12. Bd2 d5 13. cxd5 cxd5 14. exd5 {½-½ (52) Vidit,S (2722)-Grandelius,N (2681) Budva 2019}) 5. a3 $146 ({Predecessor:} 5. d4 e4 6. d5 exf3 7. dxc6 dxc6 8. Qxd8+ Kxd8 9. gxf3 Nf6 10. b3 g6 11. Bb2 Bg7 12. O-O-O+ Ke7 13. h4 {½-½ (38) Petrov,N (2595)-Istratescu,A (2561) Abu Dhabi 2019}) 5... e4 6. Ng1 {A35: Symmetrical English: 2 Nc3 Nc6 3 Nf3} Nf6 7. d3 d6 8. Qc2 {White is slightly better.} Qe7 9. Nge2 exd3 10. Qxd3 Ne5 11. Qc2 Qf7 12. Nf4 Be7 13. b3 O-O 14. Bb2 Bd7 15. h4 a6 16. Be2 Rab8 17. a4 $1 Rbe8 18. h5 Nfg4 19. Bf3 {[#] And now Bd5 would win.} Nxf3+ 20. gxf3 Ne5 21. Rh3 Bc6 22. Ncd5 Bg5 23. O-O-O Bh6 24. a5 {[%cal Ba4a5,Ba5b6][%mdl 32]} Rb8 25. Rg1 b5 (25... Rbd8 $16 {was necessary.}) 26. axb6 $18 Rb7 27. Qc3 Rfb8 28. Rhg3 Kh8 29. Kc2 (29. Qd2 $18) 29... Rxb6 $2 {[%mdl 8192]} (29... Bxd5 $16 30. Nxd5 f4 31. exf4 (31. Nxf4 Rxb6 32. Nd5 R6b7 $19) 31... Qf5+ 32. Kd1 Bxf4) 30. Nxb6 Rxb6 31. Qa5 Qb7 $2 (31... Rb8 32. Qxa6 Qe8) 32. Bxe5 dxe5 33. Qxc5 (33. Rd1 $142 {Intending Rd8+ and mate.} Kg8 34. Qxc5) 33... Kg8 (33... Qb8 $142) 34. Ne6 {[%csl Ge6][%cal Rc5f8]} Be4+ 35. fxe4 Qxe4+ {[#]} 36. Kc3 $1 {[%csl Ge6][%cal Rc5f8]} Rxe6 37. Qc7 {[%cal Rg3g7]} Kf8 38. Rxg7 Bxg7 39. Rxg7 {Accuracy: White = 63%, Black = 38%.} 1-0